000 00468nam a22001697a 4500
020 _a978-1-292-19333-5
082 _a658.872
100 _aChaffey, Dave
245 _aDigital Business and E-Commerce Management
250 _a7th
260 _aHarlow:
_bPearson Education,
_c2019
300 _axxxvii, 640p.:
_bill.; 26cm.
500 _aIncludes Bibliographical References and Index
700 _aHemphill, Tanya
700 _aEdmundson-Bird, David
942 _cBK
999 _c22072
_d22072